Dos años de vacaciones / (Registro nro. 17812)
[ vista simple ]
| 000 - LÍDER | |
|---|---|
| campo de control de longitud fija | 01232cam a2200361 a 4500 |
| 001 - NÚMERO DE CONTROL | |
| campo de control | 991002344789707486 |
| 005 - FECHA Y HORA DE LA ÚLTIMA TRANSACCIÓN | |
| campo de control | 20260429090527.0 |
| 007 - DESCRIPCIÓN FÍSICA CAMPO FIJO - INFORMACIÓN GENERAL | |
| campo de control de longitud fija | t |
| 008 - ELEMENTOS DE DATOS DE LONGITUD FIJA - INFORMACIÓN GENERAL | |
| campo de control de longitud fija | 990728r19991999sp g r 00011 spa d |
| 020 ## - INTERNATIONAL STANDARD BOOK NUMBER | |
| International Standard Book Number | 958300667X |
| 035 ## - NÚMERO DE CONTROL DEL SISTEMA | |
| Número de control del sistema | (CO-BoBLA)252566-57bdlrdc_inst |
| 035 ## - NÚMERO DE CONTROL DEL SISTEMA | |
| Número de control del sistema | AGS9648 LA |
| 040 ## - FUENTE DE CATALOGACIÓN | |
| Agencia de catalogación original | CO-BoBLA |
| Lenguaje de catalogación | spa |
| Agencia modificadora | RIMSLA |
| Descripción convenciones | rda |
| Agencia de transcripción | RIMSLA |
| 041 ## - CÓDIGO DE LENGUAJE | |
| Código de idioma de texto / pista de sonido o título separado | spa |
| 043 ## - CÓDIGO DE ÁREA GEOGRÁFICA | |
| Código de área geográfica | e-fr--- |
| 082 04 - NÚMERO DE CLASIFICACIÓN DECIMAL DEWEY | |
| Número de clasificación | NVER2 |
| Número de artículo | V37d16 |
| Número de edición | 19 ed. |
| 100 1# - ENTRADA PRINCIPAL - NOMBRE PERSONAL | |
| Nombre de la persona | Verne, Jules Gabriel, |
| Fechas asociadas a un nombre | 1828-1905. |
| 245 10 - TÍTULO DECLARACIÓN | |
| Título | Dos años de vacaciones / |
| Declaración de responsabilidad | por Julio Verne ; versión abreviada de María Rosa Duhart ; ilustraciones de Andrés Jullian. |
| 250 ## - DECLARACIÓN DE EDICIÓN | |
| Sentencia de edición | 4a. ed. / |
| Resto de la declaración de la edición | edición Gabriel Silva Rincón. |
| 264 ## - AVISO DE PRODUCCIÓN, PUBLICACIÓN, DISTRIBUCIÓN, FABRICACIÓN Y DERECHOS DE AUTOR | |
| Lugar de producción | Santafé de Bogotá : |
| Nombre del productor | Panamericana Editorial, |
| Fecha de producción | 1999. |
| 300 ## - DESCRIPCIÓN FÍSICA | |
| Alcance | 168 páginas : |
| Otros datos físicos | ilustraciones ; |
| Dimensiones | 21 cm. |
| 336 ## - TIPO DE CONTENIDO | |
| Tipo de contenido | text |
| Código de tipo de contenido | txt |
| Fuente | rdacontent |
| 337 ## - TIPO DE MEDIO | |
| Término del tipo de medio | unmediated |
| Código de tipo de medio | n |
| Fuente | rdamedia |
| 338 ## - TIPO DE PORTADOR | |
| Término del tipo de operador | volume |
| Código de tipo de operador | nc |
| Fuente | rdacarrier |
| 650 #7 - ENTRADA DE SUJETO AÑADIDO - TÉRMINO TÓPICO | |
| Término tópico o elemento de entrada del nombre geográfico | Novela francesa. |
| Fuente del título o término | BLAAUTO |
| 650 #7 - ENTRADA DE SUJETO AÑADIDO - TÉRMINO TÓPICO | |
| Término tópico o elemento de entrada del nombre geográfico | Vacaciones |
| Subdivisión de forma | Novela. |
| Fuente del título o término | BLAAUTO |
| 700 1# - ENTRADA AGREGADA - NOMBRE PERSONAL | |
| Nombre de la persona | Duhart, María Rosa, |
| Término del Relator | traductor. |
| 700 1# - ENTRADA AGREGADA - NOMBRE PERSONAL | |
| Nombre de la persona | Jullian, Andrés, |
| Término del Relator | ilustrador. |
| 700 1# - ENTRADA AGREGADA - NOMBRE PERSONAL | |
| Nombre de la persona | Silva Rincón, Gabriel, |
| Fechas asociadas a un nombre | 1955-, |
| Término del Relator | editor. |
| 942 ## - ELEMENTOS DE ENTRADA AGREGADOS (KOHA) | |
| Fuente de clasificación o esquema de estanterías | Dewey Decimal Classification |
| Tipo de artículo Koha | Libro |
| 949 ## - INFORMACIÓN DE PROCESAMIENTO LOCAL (OCLC) | |
| a | n |
| b | n |
| 960 ## - UBICACIÓN FÍSICA (RLIN) | |
| Ubicación física/ PLOC (RLIN) | Normalizados-2025 |
| Estado de retirada | Pérdida de estatus | Fuente de clasificación o esquema de estanterías | Estado dañado | No para préstamo | Ubicación permanente | Ubicación actual | Ubicación de las estanterías | Fecha de adquisición | Fuente de adquisición | Total de Cajas | Número Topográfico | Código de barras | Precio efectivo desde | Número de copia | Fecha de la última vez que se vio | Tipo de artículo Koha |
|---|---|---|---|---|---|---|---|---|---|---|---|---|---|---|---|---|
| Dewey Decimal Classification | Biblioteca Pública Municipal León de Greiff | Biblioteca Pública Municipal León de Greiff | Área General | 29/04/2026 | BIBLIOTECA NACIONAL | NVER2 V37d16 | RIMSLA 1925 | 29/04/2026 | EJ:1 | 29/04/2026 | Libro |